Integración regional y relaciones industriales en América del Norte /
Αποθηκεύτηκε σε:
| Κύριος συγγραφέας: | |
|---|---|
| Συλλογικό Έργο: | , |
| Άλλοι συγγραφείς: | |
| Μορφή: | Κείμενο |
| Έκδοση: |
México, D.F:
Juan Pablos
|
| Θέματα: | |
| Ετικέτες: |
Προσθήκη ετικέτας
Δεν υπάρχουν, Καταχωρήστε ετικέτα πρώτοι!
|
MARC
| LEADER | 00000 a a2200000 04500 | ||
|---|---|---|---|
| 001 | 29006 | ||
| 003 | |||
| 040 | |||
| 020 | |a 970-920-884-4 | ||
| 090 | |a 146401 | ||
| 100 | |a Bensusán, Graciela | ||
| 110 | |a FLACSO (México) | ||
| 245 | |a Integración regional y relaciones industriales en América del Norte / |c FLACSO (México) | ||
| 260 | |a México, D.F: |b Juan Pablos | ||
| 300 | |a 360 p |b gráficas | ||
| 650 | |a POLITICA LABORAL | ||
| 650 | |a RELACIONES LABORALES | ||
| 650 | |a LIBERALIZACION ECONOMICA | ||
| 650 | |a SINDICATOS | ||
| 650 | |a CONTRATOS DE TRABAJO | ||
| 650 | |a INDUSTRIA | ||
| 700 | |a comp |a Arteaga, Arnulfo |a comp | ||
| 710 | |a Universidad Autónoma Metropolitana. Unidad Iztapalapa. División de Ciencias Sociales y Humanidades. Departamento de Sociología | ||
| 999 | |c 2747 |d 2747 | ||
